Normal view
MARC view
- Ahmad Farok Hj. Mohd. Amin
Entry Personal Name
001 - CONTROL NUMBER
- control field: 3234
003 - CONTROL NUMBER IDENTIFIER
- control field: OSt
005 - DATE AND TIME OF LATEST TRANSACTION
- control field: 20170511100931.0
008 - FIXED-LENGTH DATA ELEMENTS
- fixed length control field: 170511|| aca||aabn | a|a d
040 ## - CATALOGING SOURCE
- Original cataloging agency: OSt
- Transcribing agency: OSt
100 ## - HEADING--PERSONAL NAME
- Personal name: Ahmad Farok Hj. Mohd. Amin
670 ## - SOURCE DATA FOUND
- Source citation: Work cat.: (OSt)0: Mills, Theodore M. 3233, Sosiologi kelompok kecil /, 1989

PORTAL AKMAL
E-MEL JKDM
AKMAL2U
G-BAM
u-PUSTAKA